Memorias del general Miller al servicio de la República del Perú / (Record no. 104476)

MARC details
000 -LEADER
campo de control de longitud fija 00934nam a2200253 i 4500
001 - NÚMERO DE CONTROL
campo de control 104476
003 - IDENTIFICADOR DE NÚMERO DE CONTROL
campo de control ES-MaACL
005 - FECHA Y HORA DE LA ÚLTIMA TRANSACCIÓN
campo de control 20240416184050.0
007 - CAMPO FIJO DE DESCRIPCIÓN FÍSICA--INFORMACIÓN GENERAL
campo de control de longitud fija t|
008 - DATOS DE LONGITUD FIJA--INFORMACIÓN GENERAL
campo de control de longitud fija 051130s1917 sp ||||1| spa d
080 ## - NÚMERO DE LA CLASIFICACIÓN DECIMAL UNIVERSAL
Número de la Clasificación Decimal Universal 929 Miller, William
080 ## - NÚMERO DE LA CLASIFICACIÓN DECIMAL UNIVERSAL
Número de la Clasificación Decimal Universal 94(85)"1820/29"(093.3)
100 1# - ENTRADA PRINCIPAL--NOMBRE DE PERSONA
Nombre de persona Miller, John.
9 (RLIN) 81220
245 10 - MENCIÓN DEL TÍTULO
Título Memorias del general Miller al servicio de la República del Perú /
Mención de responsabilidad, etc. escritas en inglés por Mr. John Miller y traducidas al castellano por el general Torrijos.
260 ## - PUBLICACIÓN, DISTRIBUCIÓN, ETC.
Lugar de publicación, distribución, etc. Madrid :
Nombre del editor, distribuidor, etc. Editorial América,
Fecha de publicación, distribución, etc. 1917.
300 ## - DESCRIPCIÓN FÍSICA
Extensión 2 v. ;
Dimensiones 23 cm.
490 1# - MENCIÓN DE SERIE
Mención de serie Biblioteca Ayacucho ;
Designación de volumen o secuencia 26-27
600 14 - PUNTO DE ACCESO ADICIONAL DE MATERIA--NOMBRE DE PERSONA
Nombre de persona Miller, William.
9 (RLIN) 81234
651 #4 - PUNTO DE ACCESO ADICIONAL DE MATERIA--NOMBRE GEOGRÁFICO
Nombre geográfico Perú-
Subdivisión general Historia-
Subdivisión cronológica 1820-1829, Guerra de la Independencia.
9 (RLIN) 155154
700 1# - ENTRADA AGREGADA--NOMBRE PERSONAL
Nombre de persona Torrijos, José María de,
Fechas asociadas al nombre 1791-1831
9 (RLIN) 172883
830 1# - PUNTO DE ACCESO ADICIONAL DE SERIE-TÍTULO UNIFORME
Título uniforme Biblioteca Ayacucho ;
Designación de volumen o secuencia 26-27
9 (RLIN) 177888
852 ## - LOCALIZACIÓN
Ubicación ES-MaACL
Número de control de estantería G-4980-81
Holdings
Estatus retirado Estado de pérdida Estado de daño No para préstamo Biblioteca de origen Biblioteca actual Ubicación en estantería Fecha de adquisición Fuente de adquisición Total de préstamos Signatura topográfica completa Código de barras Visto por última vez Precio de reemplazo Tipo de ítem Koha
        Biblioteca del Ateneo de Madrid Biblioteca del Ateneo de Madrid Depósito 2 17/01/2008     G-4980-81 1109080 23/02/2023 23/02/2023 Libro impreso